Žil som v ružovom obláčiku Dnes hovoríme so spevákom, skladateľom a podnikateľom Jozefom Rážom

Bibliographic Details
Main Authors: Ráž, Jozef, 1954- (Author), Soviar, Juraj, 1973- (Author)
Format: Article
Language:Slovak
PhysicalDescription:Fotogr. 1
Subjects:

MARC

LEADER 00000nab a2200000 a 4500
001 vtls000549472
003 SK-MaSNL
005 20260303210640.0
008 150430c1995 xo 0 slo
015 |a SNBRB19rr/mm-uuuuu 
035 |a CL0549610 
040 |a SNKBUCL  |b slo  |c SNKBUCL  |e AACR2 
041 0 |a slo 
044 |a xo  |c SK 
080 |a 78.071.1/.2:784.66  |2 1981 
080 |a 784.66  |2 1981 
100 1 |a Ráž, Jozef,  |d 1954-  |4 aut  |9 105493 
245 1 0 |a Žil som v ružovom obláčiku  |b Dnes hovoríme so spevákom, skladateľom a podnikateľom Jozefom Rážom  |c Jozef Ráž, Juraj Soviar 
300 |b Fotogr. 1 
600 1 7 |a Ráž, Jozef,  |d 1954-  |2 snkbucl  |9 105493 
655 7 |a články z novín a časopisov  |2 snkbucl  |9 267496 
700 1 |a Soviar, Juraj,  |d 1973-  |4 aut  |9 179562 
773 0 |t Pravda  |g Roč. 5, č. 130 (6. 6. 1995), s. 9 
850 |a Slovenská národná knižnica v Martine  |a MTA001 
852 |a SNK  |b KIS3GCP 
958 |a RK 
958 |a SK 
992 |a RBX 
999 |c 2201084  |d 2203014